Chile: su historia, la república desde 1861. 7o. año básico

Сохранить в:
Библиографические подробности
Главный автор: Villalobos Rivera, Sergio (Автор)
Формат:
Язык:испанский
Опубликовано: Santiago Universitaria 1976
Редактирование:8a. ed
Серии:Serie Historia y Ciencias Sociales
Предметы:
Метки: Добавить метку
Нет меток, Требуется 1-ая метка записи!

MARC

LEADER 00000nam a2200000 a 4500
001 UCW5123
003 CL-VaPUC
008 901205e19760000CL |||||||||||||||||spa|d
082 0 4 |a 983  |b VIL  |2 21 
100 0 |a Villalobos Rivera, Sergio  |e author  |9 310000 
245 1 0 |a Chile: su historia, la república desde 1861. 7o. año básico 
250 |a 8a. ed 
300 |a 44 p 
942 |c BK 
945 |d 19901205 00:00:00 
260 |a Santiago  |b Universitaria  |c 1976 
650 0 |a Historia  |9 255047 
650 7 |a LIBROS DE TEXTOS  |2 CL-VaPUC  |9 310001 
651 7 |a CHILE  |2 CL-VaPUC  |9 310002 
583 |a last modification  |c 19901205 00:00:00  |k Rodrigo Vera 
490 0 |a Serie Historia y Ciencias Sociales 
999 |c 218632  |d 218630 
952 |0 0  |1 0  |4 0  |6 983_000000000000000_VIL_1976  |7 0  |8 A  |9 208472  |a BIBEDU  |b BIBEDU  |d 2019-11-15  |i 2763737  |o 983 VIL 1976  |p 2763737  |r 2019-11-15  |w 2019-11-15  |y BK  |k EDU